Statistics for Countries With the Most Drug Busts - By Drug

Click here to take the quiz!

General Stats

  • This quiz has been taken 33 times
  • The average score is 38 of 50

Answer Stats

DrugCountry% Correct
CocaineColombia
97%
Colombia
97%
Colombia
97%
Colombia
97%
United States
97%
United States
97%
United States
97%
HallucinogensUnited States
97%
Brazil
94%
CannabisBrazil
94%
Mexico
94%
Mexico
94%
Mexico
94%
Mexico
94%
Mexico
94%
Argentina
87%
Peru
87%
Spain
81%
Spain
81%
Canada
77%
Canada
77%
India
77%
India
77%
India
77%
Sedatives & TranquilizersIndia
77%
Italy
74%
Italy
74%
Bolivia
68%
OpioidsEgypt
68%
Egypt
68%
Guatemala
68%
Guatemala
68%
Thailand
68%
Thailand
68%
Turkey
68%
Turkey
68%
Turkey
68%
Pakistan
65%
Indonesia
61%
South Africa
61%
South Africa
61%
Iran
58%
Netherlands
58%
Netherlands
58%
Afghanistan
55%
Paraguay
55%
Philippines
55%
Philippines
55%
Nigeria
45%
Costa Rica
42%

Score Distribution

Percentile by Number Answered

Percent of People with Each Score

Your Score History

You have not taken this quiz